| 000 | 00720nam a22001937a 4500 | ||
|---|---|---|---|
| 003 | OSt | ||
| 005 | 20240618114319.0 | ||
| 008 | 240618b ||||| |||| 00| 0 eng d | ||
| 040 | _cAIMIT LIBRARY | ||
| 100 |
_aShetty, Saksha Sanjeeva. _e2116151 _9171097 |
||
| 245 |
_aStudy on the performance analysis of Indian mutual funds during covid 19 / _cBy Saksha Sanjeeva Shetty ; Guided by Vasantha G. |
||
| 260 |
_aBangalore ; _c2023. |
||
| 650 |
_aIndustry profile company profile and introduction to study _9171098 |
||
| 650 |
_aLiterature review _9171099 |
||
| 650 |
_aResearch methodology _9171100 |
||
| 700 |
_aG Vasantha. _eGuide _9171101 |
||
| 856 | _3Simplus financial consultancy private limited | ||
| 942 |
_2ddc _cPRO |
||
| 999 |
_c231210 _d231210 |
||